Quiz sur les personnages de The Promised Neverland - Statistiques

Statistiques générales
  • Ce quiz a été pris 96 fois
  • Le résultat moyen est 10 sur 21
Statistiques - réponses
Par images Réponse % Correct
Emma
99%
Norman
88%
Ray
88%
Isabella
79%
Conny
78%
Gilda
73%
Don
70%
Phil
66%
Sœur Krone
63%
Mère grand
40%
Lannion
34%
Mujika
34%
Sonju
30%
Thomas
30%
Vincent
29%
Zazie
29%
Peter Ratri
27%
Barbara
22%
Emma
19%
Cislo
10%
Vylk
1%
Aucun quiz correspondant
Distribution des résultats
% des personnes avec chaque résultat
Percentile par nombre de réponses
Votre historique - résultats
Vous n’avez pas pris ce quiz